000 00704nam a2200241 i 4500
001 C2-0302795
003 PPAK
005 20180728083836.0
008 100211s2008 nyua|||| ||||| | eng d
020 _a9780307265753
040 _aPPAK
_beng
_cPPAK
_erda
082 0 4 _a384.806573
_223
090 0 0 _a384.806573
_bPRI
_dLCK
100 1 _aPrice, David A.,
_eauthor
245 1 4 _aThe pixer touch :
_bThe making of a company
264 1 _aNew York :
_bAlfred A. Knopf ,
_c2008
300 _a308 pages :
_bcolour illustrations ;
_c24 cm
336 _2rdacontent
_atext
337 _2rdamedia
_aunmediated
338 _2rdacarrier
_avolume
650 1 0 _aAnimated films-united States.
942 _ddc
_cB
999 _c106337
_d106337